banner-ar

THE PHOTO GUIDE TO MOUNTAINS: FOR THE BACKPACKER AND CLIMBER / (Record no. 17268)

MARC details
000 -الفاتح
حقل البيانات ثابتة الطول 00425nam a2200145Ia 4500
008 - عناصر البيانات ثابتة الطول - معلومات عامة
حقل البيانات ثابتة الطول 140319s9999 xx 000 0 eng d
040 ## - مصدر الفهرسة
وكالة الفهرسة الأصلية GCL /
وكالة النسخ GCL
082 04 - رقم تصنيف ديوى العشرى
رقم التصنيف 778.936
رقم المادة M P
100 1# - المدخل الرئيسى - إسم شخصى
الإسم الشخصى MILNER, CYRIL DOUGLAS
245 10 - بيان العنوان
العنوان THE PHOTO GUIDE TO MOUNTAINS: FOR THE BACKPACKER AND CLIMBER /
بيان المسئوليه,etc MILNER, CYRIL DOUGLAS
650 04 - المدخل الاضافى بالموضوع-مصطلح موضوعى
مصطلح موضوعي PHOTOGRAPHY OF MOUNTAINS
942 ## - عناصر المدخل الإضافي( كوها)
مصدر التصنيف او مخطط الترفيف Dewey Decimal Classification
Koha [default] item type كتاب
260 ## - PUBLICATION, DISTRIBUTION, ETC. (IMPRINT)
-- [S.N] :
-- FOCAL PRESS
Holdings
حالة التراجع حالة الفقد حالة تلف ليس للاعارة المكان المؤقت الموقع الحالى تاريخ الاكتساب اجمالي اﻻعارات رقم الطلب الباركود تاريخ اخر مشاهدة تاريخ تفعيل السعر نوع وعاء كوها
        مكتبة القاهرة الكبرى مكتبة القاهرة الكبرى 03/26/2014   778.936\M P 31101 03/26/2014 03/26/2014 كتاب
        مكتبة القاهرة الكبرى مكتبة القاهرة الكبرى 03/26/2014   778.936\M P 31102 03/26/2014 03/26/2014 كتاب

Powered By

EGPV